All Illinois Cities on a Map - Statistics

General Stats
  • This quiz has been taken 18 times
  • The average score is 97 of 1439
Answers on the Map
Answers color-coded by a green-red scale on the quiz's map according to % correct below.
 
Answer Stats
City Population % Correct
Chicago 2,664,452
100%
Joliet 150,489
93%
Springfield 112,544
93%
East St. Louis 17,642
86%
Rockford 146,120
86%
Aurora 177,563
79%
Naperville 150,245
79%
Bloomington 78,587
71%
Champaign 89,189
71%
Evanston 75,070
71%
Peoria 110,460
71%
Elgin 113,310
64%
Oak Park 52,055
64%
Urbana 38,209
64%
Waukegan 87,642
64%
Arlington 168
57%
Arlington Heights 74,495
57%
Cairo 1,558
57%
Carbondale 21,592
57%
Cicero 81,004
57%
Decatur 68,670
57%
Kankakee 23,503
57%
Lincoln 13,072
57%
Moline 41,965
57%
Normal 52,618
57%
Quincy 38,803
57%
Belleville 40,726
50%
Bolingbrook 74,088
50%
Edwardsville 26,698
50%
North Chicago 30,416
50%
Oak Lawn 55,734
50%
Orland Park 57,074
50%
Rock Island 36,132
50%
Round Lake 18,430
50%
Round Lake Beach 26,783
50%
Skokie 64,937
50%
Tinley Park 53,886
50%
Alton 25,006
43%
Berwyn 54,414
43%
Chicago Heights 26,184
43%
DeKalb 40,211
43%
East Moline 20,806
43%
East Peoria 22,012
43%
Galesburg 29,130
43%
Hoffman 433
43%
Mount Vernon 14,247
43%
Park Ridge 37,897
43%
Schaumburg 75,750
43%
Wheaton 52,938
43%
Buffalo 435
36%
Calumet City 34,358
36%
Danville 28,206
36%
Des Plaines 58,010
36%
Dix 459
36%
Dixon 15,096
36%
Elmhurst 45,336
36%
Galena 3,250
36%
Granite City 26,908
36%
Hoffman Estates 50,179
36%
Jacksonville 17,237
36%
LaSalle 9,432
36%
Marion 16,852
36%
Mattoon 16,560
36%
McHenry 28,251
36%
Mount Prospect 54,298
36%
North Aurora 19,022
36%
O'Fallon 31,968
36%
Rochelle 9,319
36%
Rome 1,628
36%
Romeoville 40,955
36%
St. Charles 32,654
36%
Vandalia 7,358
36%
Vernon 99
36%
Vernon Hills 26,677
36%
Washington 15,833
36%
West Chicago 25,116
36%
Winnetka 12,292
36%
Zion 24,206
36%
Algonquin 30,134
29%
Belvidere 25,297
29%
Bourbonnais 18,042
29%
Buffalo Grove 42,482
29%
Carpentersville 37,099
29%
Cary 17,977
29%
Charleston 17,028
29%
Collinsville 23,779
29%
Downers Grove 49,706
29%
Elk Grove Village 31,350
29%
Frankfort 20,907
29%
Geneva 21,129
29%
Glencoe 8,570
29%
Glenview 46,904
29%
Gurnee 30,193
29%
Harvard 9,356
29%
Highland 9,961
29%
Highland Park 30,272
29%
Kenilworth 2,401
29%
La Grange 15,667
29%
Lake Forest 19,354
29%
Lisle 23,222
29%
Lombard 43,779
29%
Loves Park 23,335
29%
Machesney Park 22,630
29%
Macomb 14,849
29%
Madison 3,065
29%
Metropolis 5,782
29%
Morton 17,469
29%
Morton Grove 24,131
29%
Ottawa 18,752
29%
Palatine 64,869
29%
Paris 8,039
29%
Pekin 31,126
29%
Peru 9,780
29%
Sandwich 7,212
29%
South Beloit 7,893
29%
South Elgin 24,277
29%
Sycamore 18,682
29%
Wheeling 37,725
29%
Wilmette 27,026
29%
Addison 35,167
21%
Antioch 14,833
21%
Berlin 143
21%
Burr Ridge 11,023
21%
Carol Stream 38,966
21%
Cleveland 159
21%
Clinton 6,898
21%
Columbia 10,933
21%
Columbus 112
21%
Deerfield 18,884
21%
Dolton 20,410
21%
Effingham 12,258
21%
Fox Lake 10,805
21%
Franklin 595
21%
Freeport 23,136
21%
Greenville 6,979
21%
Hanover 841
21%
Hanover Park 36,165
21%
Harrisburg 7,907
21%
Harvey 19,397
21%
Homer 1,035
21%
Homer Glen 24,546
21%
Jerseyville 8,263
21%
Kane 284
21%
Lake Bluff 5,534
21%
Lake in the Hills 28,661
21%
Lake of the Woods 1,976
21%
Lake Zurich 19,676
21%
Lebanon 4,571
21%
Lincolnshire 7,912
21%
Lincolnwood 12,872
21%
Morris 14,508
21%
Mount Carmel 6,751
21%
Mundelein 31,790
21%
Niles 29,513
21%
Norridge 14,620
21%
Northbrook 33,977
21%
Oak Forest 26,199
21%
Palos Heights 11,515
21%
Palos Hills 17,759
21%
Peoria Heights 5,747
21%
Plainfield 47,448
21%
Pontiac 11,010
21%
Shiloh 14,736
21%
Ste. Marie 229
21%
St. Peter 317
21%
Streamwood 37,780
21%
Toledo 1,137
21%
Troy 11,209
21%
Villa Park 21,727
21%
West Peoria 4,152
21%
Winthrop Harbor 6,594
21%
Yorkville 24,693
21%
Adams 121
14%
Albany 846
14%
Alsip 18,198
14%
Anna 4,136
14%
Atlanta 1,637
14%
Avon 676
14%
Bannockburn 1,005
14%
Barrington 10,476
14%
Bartlett 39,992
14%
Batavia 26,235
14%
Benton 6,598
14%
Beverly 29
14%
Blue Island 21,494
14%
Brighton 2,166
14%
Brookfield 18,591
14%
Burbank 28,164
14%
Burlington 523
14%
Cahokia Heights 17,114
14%
Canton 12,875
14%
Chester 6,732
14%
Crete 8,316
14%
Crystal Lake 40,861
14%
Dayton 363
14%
De Witt 163
14%
Dwight 4,034
14%
East Alton 5,639
14%
East Cape Girardeau 259
14%
East Dubuque 1,485
14%
Elmwood 2,008
14%
Elmwood Park 23,369
14%
Fairview 413
14%
Farmer City 1,811
14%
Flossmoor 9,252
14%
Forrest 1,023
14%
Fulton 3,567
14%
Glendale Heights 32,409
14%
Godfrey 17,597
14%
Grafton 765
14%
Grayslake 20,954
14%
Hamilton 2,689
14%
Hardin 786
14%
Homewood 18,540
14%
Huntley 28,269
14%
Illiopolis 831
14%
Itasca 9,346
14%
Jonesboro 1,643
14%
Kaskaskia 23
14%
La Grange Park 13,011
14%
Lansing 27,713
14%
Lemont 17,575
14%
Liberty 527
14%
Lockport 26,537
14%
Lyons 10,304
14%
Manchester 257
14%
Mascoutah 8,916
14%
Maywood 22,880
14%
Milan 4,968
14%
Montgomery 21,955
14%
Murphysboro 6,963
14%
Naples 96
14%
Nashville 3,013
14%
New Berlin 1,352
14%
New Lenox 28,047
14%
Oak Brook 8,049
14%
Oakbrook Terrace 2,690
14%
Old Shawneetown 109
14%
Olympia Fields 4,530
14%
Orland Hills 6,578
14%
Oswego 37,074
14%
Palos Park 4,765
14%
Park Forest 20,763
14%
Paxton 4,348
14%
Pittsburg 559
14%
Princeton 7,700
14%
Prospect Heights 15,334
14%
Richmond 2,114
14%
River Grove 10,282
14%
Rockton 7,768
14%
Rolling Meadows 23,329
14%
Roscoe 10,843
14%
Rosemont 3,766
14%
Round Lake Park 7,724
14%
Salem 7,056
14%
Shawneetown 994
14%
Shelbyville 4,560
14%
Shirley 73
14%
Silvis 7,896
14%
South Holland 20,483
14%
Sparta 4,024
14%
Sterling 14,508
14%
St. Johns 158
14%
Streator 12,269
14%
Swansea 14,472
14%
Taylorville 10,247
14%
Union 594
14%
Vermont 558
14%
Versailles 454
14%
Warren 1,298
14%
Warrenville 15,027
14%
Washington Park 2,493
14%
Waterloo 11,144
14%
Watseka 4,510
14%
Wauconda 13,891
14%
Wayne 2,246
14%
Westmont 23,933
14%
Wood River 10,270
14%
Woodstock 25,699
14%
Xenia 372
14%
Athens 1,907
7%
Atkinson 938
7%
Auburn 4,444
7%
Augusta 544
7%
Baldwin 310
7%
Beach Park 14,057
7%
Beardstown 5,749
7%
Bedford Park 582
7%
Bensenville 18,352
7%
Big Rock 1,084
7%
Bloomingdale 22,298
7%
Bradley 15,263
7%
Brooklyn 626
7%
Brussels 117
7%
Buckley 472
7%
Bull Valley 1,113
7%
Burton 90
7%
Bush 238
7%
Butler 164
7%
Byron 3,772
7%
Calumet Park 6,685
7%
Cameron 383
7%
Carlinville 5,531
7%
Carlock 556
7%
Carlyle 3,197
7%
Carmi 4,688
7%
Carrollton 2,394
7%
Casey 2,350
7%
Caseyville 4,359
7%
Cave-In-Rock 223
7%
Central City 1,076
7%
Centralia 11,848
7%
Channahon 14,138
7%
Chatham 14,525
7%
Chenoa 1,692
7%
Cherry 429
7%
Chesterfield 165
7%
Chicago Ridge 13,834
7%
Chillicothe 5,977
7%
Christopher 2,637
7%
Claremont 160
7%
Clayton 621
7%
Coal City 5,784
7%
Colp 175
7%
Cooksville 152
7%
Cornell 440
7%
Cortland 4,488
7%
Country Club Hills 16,013
7%
Creal Springs 497
7%
Crest Hill 20,118
7%
Cutler 353
7%
Dallas City 788
7%
Danvers 1,070
7%
Davis 571
7%
Dawson 507
7%
Deer Park 3,628
7%
De Pue 1,588
7%
Detroit 76
7%
Dixmoor 2,895
7%
Dover 135
7%
Downs 1,177
7%
Dupo 3,821
7%
Du Quoin 5,694
7%
Earlville 1,597
7%
East Carondelet 375
7%
East Dundee 3,115
7%
East Galesburg 740
7%
Easton 302
7%
Edinburg 1,057
7%
Eldorado 3,607
7%
Elizabeth 695
7%
Elkhart 447
7%
El Paso 2,735
7%
Elwood 2,199
7%
Energy 953
7%
Equality 504
7%
Evansville 538
7%
Exeter 83
7%
Fairbury 3,574
7%
Fairfield 4,738
7%
Fairview Heights 16,125
7%
Farmersville 669
7%
Farmington 2,303
7%
Fayetteville 286
7%
Ford Heights 1,731
7%
Forest Park 13,660
7%
Forsyth 3,639
7%
Fox River Grove 4,619
7%
Franklin Park 17,871
7%
Freeburg 4,501
7%
Geneseo 6,525
7%
Genoa 5,437
7%
Gibson City 3,396
7%
Gilman 1,678
7%
Glasgow 108
7%
Glen Carbon 13,868
7%
Glen Ellyn 28,347
7%
Glenwood 8,268
7%
Golconda 622
7%
Golf 497
7%
Grandview 1,374
7%
Grayville 1,496
7%
Greenfield 1,017
7%
Green Oaks 4,060
7%
Greenwood 315
7%
Gridley 1,434
7%
Hainesville 3,489
7%
Hamburg 96
7%
Hammond 501
7%
Hampshire 8,086
7%
Hartford 1,157
7%
Hartsburg 256
7%
Havana 2,827
7%
Hawthorn Woods 9,373
7%
Hennepin 741
7%
Henry 2,312
7%
Herrin 12,178
7%
Heyworth 2,864
7%
Highwood 5,304
7%
Hillsboro 5,773
7%
Hinckley 1,971
7%
Hinsdale 17,297
7%
Hometown 4,138
7%
Hoopeston 4,731
7%
Hudson 1,747
7%
Ina 1,653
7%
Indian Creek 526
7%
Inverness 7,302
7%
Iroquois 129
7%
Jeffersonville 344
7%
Johnston City 3,308
7%
Kaneville 445
7%
Kansas 648
7%
Karnak 404
7%
Kewanee 12,222
7%
Kildeer 4,377
7%
Lake Barrington 5,092
7%
Lakemoor 6,338
7%
Lake Villa 8,625
7%
Lakewood 4,285
7%
Lee 306
7%
Le Roy 3,467
7%
Lexington 2,074
7%
Libertyville 20,332
7%
Lima 144
7%
Lindenhurst 14,339
7%
Litchfield 6,614
7%
Liverpool 90
7%
Livingston 745
7%
Loda 344
7%
Long Grove 8,263
7%
Louisville 1,119
7%
Mahomet 10,273
7%
Manhattan 10,547
7%
Mansfield 928
7%
Manteno 9,178
7%
Marengo 7,608
7%
Mark 504
7%
Markham 11,129
7%
Marquette Heights 2,490
7%
Marseilles 4,773
7%
Marshall 3,879
7%
Matteson 18,293
7%
McLean 729
7%
McLeansboro 2,610
7%
McNabb 271
7%
Melrose Park 23,666
7%
Mendota 6,929
7%
Metamora 3,871
7%
Mettawa 544
7%
Midlothian 13,675
7%
Milford 1,114
7%
Milton 210
7%
Minonk 1,902
7%
Minooka 12,879
7%
Mokena 19,759
7%
Monee 5,097
7%
Monticello 6,018
7%
Morrison 3,981
7%
Mount Carroll 1,441
7%
Mount Olive 1,961
7%
Mount Pulaski 1,511
7%
Mount Zion 5,878
7%
Muncie 149
7%
Newark 986
7%
New Athens 1,873
7%
New Grand Chain 146
7%
New Haven 377
7%
New Salem 118
7%
Newton 2,743
7%
Noble 620
7%
North Barrington 3,105
7%
North City 502
7%
Northfield 5,543
7%
North Pekin 1,439
7%
Norwood 430
7%
Oakdale 195
7%
Oakland 723
7%
Oakwood 1,284
7%
Olney 8,512
7%
Oquawka 1,078
7%
Oregon 3,566
7%
Panola 44
7%
Park City 7,842
7%
Parkersburg 184
7%
Perry 305
7%
Petersburg 2,197
7%
Phoenix 1,627
7%
Plano 12,676
7%
Plymouth 426
7%
Posen 5,334
7%
Pulaski 143
7%
Raleigh 278
7%
Raymond 921
7%
Red Bud 3,750
7%
Richton Park 12,322
7%
Riverside 8,845
7%
Riverton 3,475
7%
Riverwoods 3,737
7%
Roanoke 1,934
7%
Robbins 4,493
7%
Rochester 3,899
7%
Roselle 22,508
7%
Round Lake Heights 2,575
7%
Royal 281
7%
Royalton 1,043
7%
Sauk Village 9,491
7%
Savanna 2,712
7%
Savoy 8,891
7%
Saybrook 643
7%
Schiller Park 11,164
7%
Scott AFB 4,195
7%
Seneca 2,311
7%
Serena 195
7%
Seymour 333
7%
South Barrington 4,974
7%
South Chicago Heights 3,835
7%
South Pekin 966
7%
Spring Grove 5,512
7%
Spring Valley 5,442
7%
Stanford 586
7%
St. Anne 1,129
7%
St. Joseph 3,677
7%
St. Libory 610
7%
Stockton 1,695
7%
Summit 10,616
7%
Tamms 382
7%
Tampico 676
7%
Tennessee 98
7%
Teutopolis 1,663
7%
Third Lake 1,097
7%
Thornton 2,273
7%
Towanda 422
7%
Tower Lakes 1,200
7%
Tremont 2,243
7%
Trenton 2,642
7%
Vermilion 192
7%
Victoria 257
7%
Vienna 1,343
7%
Virginia 1,458
7%
Volo 7,016
7%
Wadsworth 3,459
7%
Wapella 506
7%
Westchester 16,094
7%
West City 641
7%
West Dundee 7,878
7%
Westfield 522
7%
West Frankfort 7,145
7%
Williamsfield 552
7%
Willowbrook 11,470
7%
Wilmington 5,656
7%
Winnebago 2,875
7%
Wonder Lake 4,889
7%
Woodhull 738
7%
Woodland 239
7%
Woodridge 33,566
7%
Worth 10,494
7%
Wyoming 1,258
7%
Yale 66
7%
Zeigler 1,468
7%
Abingdon 2,851
0%
Adair 148
0%
Addieville 251
0%
Adeline 75
0%
Albers 1,117
0%
Albion 1,871
0%
Alden 36
0%
Aledo 3,569
0%
Alexander 258
0%
Alexis 767
0%
Alhambra 608
0%
Allendale 442
0%
Allenville 130
0%
Allerton 255
0%
Alma 305
0%
Alpha 658
0%
Alsey 181
0%
Altamont 2,188
0%
Altona 447
0%
Alto Pass 304
0%
Alvan 226
0%
Amboy 2,236
0%
Anchor 159
0%
Andalusia 1,159
0%
Andover 541
0%
Andres 42
0%
Annapolis 51
0%
Annawan 867
0%
Apple Canyon Lake 795
0%
Apple River 335
0%
Arbury Hills 1,408
0%
Arcola 2,890
0%
Arenzville 351
0%
Argenta 879
0%
Argyle 561
0%
Armington 303
0%
Aroma Park 645
0%
Arrowsmith 270
0%
Arthur 2,251
0%
Ashkum 721
0%
Ashland 1,177
0%
Ashley 451
0%
Ashmore 627
0%
Ashton 947
0%
Assumption 1,113
0%
Astoria 891
0%
Atwood 1,099
0%
Ava 542
0%
Aviston 2,422
0%
Baileyville 96
0%
Banner 165
0%
Bardolph 206
0%
Barrington Hills 4,018
0%
Barry 1,262
0%
Barstow 43
0%
Bartelso 633
0%
Bartonville 5,779
0%
Basco 77
0%
Batchtown 163
0%
Bath 264
0%
Baylis 164
0%
Bay View Gardens 351
0%
Beason 136
0%
Beaverville 293
0%
Beckemeyer 912
0%
Beecher 4,687
0%
Beecher City 421
0%
Belgium 348
0%
Belknap 85
0%
Belle Prairie City 49
0%
Belle Rive 302
0%
Bellevue 1,839
0%
Bellflower 340
0%
Bellmont 241
0%
Bellwood 17,890
0%
Bement 1,468
0%
Benld 1,419
0%
Benson 406
0%
Bentley 26
0%
Berkeley 5,089
0%
Bethalto 9,170
0%
Bethany 1,205
0%
Biggsville 289
0%
Bingham 60
0%
Bishop Hill 113
0%
Bismarck 565
0%
Blairsville 279
0%
Blandinsville 556
0%
Blue Mound 1,089
0%
Bluffs 592
0%
Bluford 609
0%
Bondville 376
0%
Bone Gap 177
0%
Bonfield 343
0%
Bonnie 367
0%
Bonnie Brae 844
0%
Boody 420
0%
Boulder Hill 9,127
0%
Bowen 453
0%
Braceville 723
0%
Bradford 656
0%
Braidwood 6,173
0%
Breese 4,600
0%
Bridgeport 1,704
0%
Bridgeview 16,324
0%
Brimfield 761
0%
Broadlands 303
0%
Broadview 7,762
0%
Broadwell 138
0%
Brocton 264
0%
Brookport 694
0%
Broughton 179
0%
Browning 115
0%
Browns 136
0%
Brownstown 681
0%
Bryant 165
0%
Buckingham 238
0%
Buckner 399
0%
Buda 470
0%
Bulpitt 205
0%
Buncombe 206
0%
Bunker Hill 1,596
0%
Burnham 3,869
0%
Burnt Prairie 34
0%
Burtons Bridge 180
0%
Bushnell 2,673
0%
Cabery 232
0%
Cable 83
0%
Caledonia 180
0%
Calhoun 158
0%
Camargo 447
0%
Cambria 1,769
0%
Cambridge 2,047
0%
Camden 60
0%
Campbell Hill 304
0%
Campbell's Island 211
0%
Camp Point 1,114
0%
Campton Hills 10,795
0%
Campus 143
0%
Candlewick Lake 5,459
0%
Cantrall 138
0%
Capron 1,395
0%
Carbon Cliff 1,792
0%
Carbon Hill 382
0%
Carman 343
0%
Carrier Mills 1,605
0%
Carterville 5,808
0%
Carthage 2,441
0%
Catlin 1,924
0%
Cedar Point 262
0%
Cedarville 646
0%
Cerro Gordo 1,306
0%
Chadwick 477
0%
Chandlerville 513
0%
Channel Lake 1,988
0%
Chapin 462
0%
Chatsworth 1,161
0%
Chebanse 1,013
0%
Chemung 251
0%
Cherry Valley 2,864
0%
Chestnut 297
0%
Chrisman 1,274
0%
Cisco 253
0%
Cisne 617
0%
Cissna Park 782
0%
Clarendon Hills 8,562
0%
Clay City 832
0%
Clifton 1,304
0%
Coalton 307
0%
Coal Valley 3,816
0%
Coatsburg 144
0%
Cobden 1,035
0%
Coffeen 630
0%
Colchester 1,090
0%
Coleta 160
0%
Colfax 981
0%
Colona 4,977
0%
Como 581
0%
Compton 266
0%
Concord 152
0%
Congerville 506
0%
Cordova 656
0%
Cornland 53
0%
Coulterville 827
0%
Countryside 6,147
0%
Cowden 501
0%
Coyne Center 906
0%
Crab Orchard 359
0%
Crainville 1,473
0%
Crescent City 532
0%
Creston 619
0%
Crestwood 10,387
0%
Creve Coeur 4,828
0%
Crossville 602
0%
Crystal Lawns 1,965
0%
Cuba 1,140
0%
Cullom 505
0%
Curran 210
0%
Custer Park 426
0%
Cypress 218
0%
Dahlgren 500
0%
Dakota 482
0%
Dalton City 439
0%
Dalzell 648
0%
Damiansville 552
0%
Dana 157
0%
Danforth 575
0%
Darien 21,698
0%
Davis Junction 2,537
0%
Deer Creek 649
0%
Deer Grove 37
0%
De Land 445
0%
Delavan 1,541
0%
De Soto 1,381
0%
Dewey 71
0%
Diamond 2,682
0%
Dieterich 870
0%
Divernon 1,114
0%
Dongola 639
0%
Donnellson 149
0%
Donovan 238
0%
Dorchester 125
0%
Dowell 364
0%
Du Bois 180
0%
Dundas 264
0%
Dunfermline 254
0%
Dunlap 1,576
0%
Durand 1,371
0%
Eagarville 110
0%
Eagle Lake 164
0%
East Brooklyn 82
0%
East Gillespie 262
0%
East Hazel Crest 1,232
0%
East Lynn 394
0%
Eddyville 96
0%
Edgewood 391
0%
Edgington 453
0%
Elburn 6,559
0%
El Dara 62
0%
Eldred 146
0%
Elizabethtown 219
0%
Elkville 822
0%
Elliott 271
0%
Ellis Grove 325
0%
Ellisville 88
0%
Ellsworth 180
0%
Elsah 518
0%
Elvaston 145
0%
Elwin 33
0%
Emden 455
0%
Emington 97
0%
Enfield 778
0%
Erie 1,485
0%
Essex 854
0%
Eureka 5,186
0%
Evergreen Park 19,010
0%
Ewing 295
0%
Fairmont 2,409
0%
Fairmont City 2,174
0%
Fairmount 595
0%
Farina 530
0%
Ferris 122
0%
Fidelity 98
0%
Fieldon 166
0%
Fillmore 298
0%
Findlay 652
0%
Fisher 2,001
0%
Fithian 474
0%
Flanagan 989
0%
Flat Rock 316
0%
Flora 4,711
0%
Florence 17
0%
Foosland 73
0%
Forest City 209
0%
Forest Lake 1,797
0%
Forest View 756
0%
Forreston 1,410
0%
Fowler 96
0%
Fox Lake Hills 2,304
0%
Frankfort Square 9,777
0%
Franklin Grove 879
0%
Freeman Spur 269
0%
Fults 25
0%
Gages Lake 10,706
0%
Galatia 793
0%
Galt 163
0%
Galva 2,414
0%
Garden Prairie 560
0%
Gardner 1,363
0%
Garrett 124
0%
Gays 214
0%
Georgetown 3,372
0%
Germantown 1,369
0%
Germantown Hills 3,440
0%
German Valley 417
0%
Gifford 883
0%
Gilberts 8,772
0%
Gillespie 3,112
0%
Gilson 149
0%
Girard 1,747
0%
Gladstone 221
0%
Glasford 839
0%
Godley 629
0%
Golden 630
0%
Golden Gate 60
0%
Goodfield 961
0%
Good Hope 356
0%
Goofy Ridge 148
0%
Goreville 1,060
0%
Gorham 167
0%
Grand Detour 282
0%
Grand Ridge 510
0%
Grand Tower 469
0%
Grandwood Park 5,311
0%
Grantfork 339
0%
Grant Park 1,280
0%
Granville 1,319
0%
Greenup 1,342
0%
Green Valley 612
0%
Greenview 721
0%
Griggsville 1,060
0%
Hamel 918
0%
Hampton 1,738
0%
Hanaford 315
0%
Hanna City 1,236
0%
Harding 16
0%
Harmon 117
0%
Harrison 948
0%
Harristown 1,266
0%
Hartland 114
0%
Harvel 170
0%
Harwood Heights 8,632
0%
Hazel Crest 12,771
0%
Hebron 1,387
0%
Hecker 418
0%
Henderson 256
0%
Henning 203
0%
Heritage Lake 1,708
0%
Herrick 356
0%
Herscher 1,488
0%
Hettick 142
0%
Hickory Hills 13,884
0%
Hidalgo 108
0%
Hillcrest 1,213
0%
Hillsdale 407
0%
Hillside 7,923
0%
Hillview 90
0%
Hindsboro 271
0%
Hodgkins 1,464
0%
Holcomb 175
0%
Holiday Hills 607
0%
Holiday Shores 3,162
0%
Hollowayville 38
0%
Hooppole 174
0%
Hopedale 805
0%
Hopewell 418
0%
Hopkins Park 583
0%
Hoyleton 505
0%
Huey 158
0%
Hull 378
0%
Humboldt 354
0%
Hume 313
0%
Hurst 749
0%
Hutsonville 471
0%
Illinois City 18
0%
Indian Head Park 3,900
0%
Indianola 220
0%
Industry 390
0%
Ingalls Park 2,970
0%
Iola 97
0%
Ipava 427
0%
Irving 365
0%
Irvington 570
0%
Irwin 67
0%
Island Lake 7,992
0%
Iuka 494
0%
Ivesdale 254
0%
Janesville 14
0%
Jeisyville 100
0%
Jerome 1,644
0%
Jewett 196
0%
Johnsburg 6,384
0%
Johnsonville 70
0%
Joppa 333
0%
Joslin 44
0%
Joy 364
0%
Junction 53
0%
Junction City 520
0%
Justice 12,081
0%
Kampsville 298
0%
Kangley 229
0%
Kappa 229
0%
Keenes 48
0%
Keensburg 169
0%
Keithsburg 546
0%
Kell 169
0%
Kempton 176
0%
Kenney 308
0%
Keyesport 403
0%
Kilbourne 257
0%
Kincaid 1,312
0%
Kinderhook 184
0%
Kings 322
0%
Kingston 1,286
0%
Kingston Mines 261
0%
Kinmundy 716
0%
Kinsman 90
0%
Kirkland 1,618
0%
Kirkwood 648
0%
Knollwood 1,907
0%
Knoxville 2,815
0%
La Clede 151
0%
Lacon 1,859
0%
Ladd 1,400
0%
La Fayette 157
0%
La Harpe 1,152
0%
Lake Camelot 1,744
0%
Lake Carroll 763
0%
Lake Catherine 1,091
0%
Lake City 103
0%
Lake Holiday 5,402
0%
Lake Ka-Ho 196
0%
Lake Petersburg 769
0%
Lake Summerset 2,240
0%
Lakewood Shores 433
0%
La Moille 674
0%
Lanark 1,466
0%
Lane 145
0%
Langleyville 301
0%
LaPlace 130
0%
La Prairie 39
0%
La Rose 99
0%
Latham 326
0%
Lawrence 213
0%
Lawrenceville 4,245
0%
Leaf River 423
0%
Leland 930
0%
Leland Grove 1,413
0%
Lena 2,665
0%
Lenzburg 451
0%
Leonore 121
0%
Lerna 218
0%
Lewistown 1,964
0%
Lily Lake 1,041
0%
Limestone 1,522
0%
Lisbon 275
0%
Literberry 61
0%
Littleton 135
0%
Little York 272
0%
Loami 797
0%
Lockport Heights 984
0%
Lomax 384
0%
London Mills 342
0%
Long Creek 1,219
0%
Long Lake 3,219
0%
Long Point 200
0%
Longview 111
0%
Loraine 294
0%
Lorenzo 64
0%
Lostant 432
0%
Lost Nation 727
0%
Lovington 1,024
0%
Lowpoint 184
0%
Ludlow 297
0%
Lyndon 525
0%
Lynn Center 31
0%
Lynnville 95
0%
Lynwood 9,025
0%
Macedonia 29
0%
Mackinaw 1,845
0%
Macon 1,130
0%
Maeystown 148
0%
Magnolia 247
0%
Makanda 530
0%
Malden 311
0%
Malta 1,132
0%
Manito 1,481
0%
Manlius 293
0%
Maple Park 1,478
0%
Mapleton 250
0%
Maquon 215
0%
Marcelline 60
0%
Marietta 99
0%
Marine 941
0%
Marissa 1,752
0%
Marley 111
0%
Maroa 1,530
0%
Martinsville 1,086
0%
Martinton 322
0%
Maryville 8,316
0%
Mason 319
0%
Mason City 1,981
0%
Matherville 696
0%
Maunie 91
0%
Mazon 980
0%
McClure 229
0%
McCook 237
0%
McCullom Lake 968
0%
Mechanicsburg 658
0%
Media 113
0%
Medora 367
0%
Melvin 413
0%
Mendon 851
0%
Menominee 211
0%
Meredosia 802
0%
Merrionette Park 1,886
0%
Merritt 75
0%
Metcalf 135
0%
Meyer 19
0%
Middletown 324
0%
Millbrook 280
0%
Mill Creek 55
0%
Milledgeville 1,002
0%
Millersburg 36
0%
Millington 621
0%
Mill Shoals 171
0%
Millstadt 3,943
0%
Mineral 202
0%
Minier 1,135
0%
Mitchell 847
0%
Modesto 179
0%
Momence 3,031
0%
Monmouth 8,567
0%
Monroe Center 406
0%
Montrose 209
0%
Moro 337
0%
Morrisonville 976
0%
Mossville 210
0%
Mound City 489
0%
Mounds 616
0%
Mound Station 115
0%
Mount Auburn 443
0%
Mount Clare 311
0%
Mount Erie 96
0%
Mount Morris 2,809
0%
Mount Sterling 2,016
0%
Moweaqua 1,727
0%
Muddy 56
0%
Mulberry Grove 504
0%
Mulkeytown 84
0%
Murrayville 551
0%
Nachusa 123
0%
Naplate 413
0%
Nason 199
0%
Nauvoo 923
0%
Nebo 276
0%
Nekoma 54
0%
Nelson 124
0%
Neoga 1,375
0%
Neponset 414
0%
New Baden 3,364
0%
New Bedford 75
0%
New Boston 611
0%
New Burnside 153
0%
New Canton 324
0%
New Douglas 338
0%
New Holland 267
0%
Newman 769
0%
New Milford 790
0%
New Minden 166
0%
Niantic 589
0%
Nilwood 197
0%
Niota 4
0%
Nokomis 2,091
0%
Nora 109
0%
Norris 167
0%
Norris City 1,105
0%
North Henderson 161
0%
Northlake 12,270
0%
North Riverside 7,071
0%
North Utica 1,332
0%
Oakford 230
0%
Oak Grove 464
0%
Oak Run 722
0%
Oakwood Hills 2,053
0%
Oblong 1,345
0%
Oconee 138
0%
Odell 985
0%
Odin 910
0%
Ogden 714
0%
Oglesby 3,639
0%
Ohio 461
0%
Ohlman 108
0%
Okawville 1,351
0%
Old Mill Creek 162
0%
Old Ripley 81
0%
Olive Branch 441
0%
Olivet 156
0%
Olmsted 271
0%
Omaha 195
0%
Onarga 1,283
0%
Oneida 675
0%
Opdyke 263
0%
Ophiem 149
0%
Orangeville 742
0%
Oreana 857
0%
Orient 321
0%
Orion 1,727
0%
Osco 63
0%
Otterville 83
0%
Owaneco 207
0%
Oxville 27
0%
Palestine 1,203
0%
Palmer 207
0%
Palmyra 595
0%
Paloma 104
0%
Pana 5,049
0%
Panama 327
0%
Papineau 131
0%
Patoka 508
0%
Pawnee 2,696
0%
Paw Paw 811
0%
Payson 1,000
0%
Pearl 103
0%
Pearl City 760
0%
Pecatonica 2,042
0%
Penfield 195
0%
Peotone 4,187
0%
Percy 909
0%
Pesotum 539
0%
Phillipstown 34
0%
Philo 1,345
0%
Pierron 448
0%
Pinckneyville 4,995
0%
Pingree Grove 11,137
0%
Piper City 727
0%
Pistakee Highlands 3,214
0%
Pittsfield 4,072
0%
Plainville 265
0%
Plattville 222
0%
Pleasant Hill 908
0%
Pleasant Plains 804
0%
Plum Valley 542
0%
Pocahontas 680
0%
Polo 2,252
0%
Pontoon Beach 5,804
0%
Pontoosuc 100
0%
Poplar Grove 5,129
0%
Port Barrington 1,567
0%
Port Byron 1,627
0%
Potomac 666
0%
Prairie City 402
0%
Prairie du Rocher 509
0%
Prairie Grove 1,947
0%
Prairietown 189
0%
Preemption 100
0%
Prestbury 2,174
0%
Preston Heights 2,318
0%
Princeville 1,609
0%
Prophetstown 1,904
0%
Radom 181
0%
Ramsey 895
0%
Rankin 477
0%
Ransom 307
0%
Rantoul 11,956
0%
Rapids City 938
0%
Raritan 98
0%
Reddick 194
0%
Redmon 135
0%
Rest Haven 537
0%
Reynolds 484
0%
Richview 231
0%
Ridge Farm 756
0%
Ridgefield 218
0%
Ridgewood 2,997
0%
Ridgway 809
0%
Ridott 123
0%
Riggston 27
0%
Ringwood 821
0%
Rio 204
0%
Ripley 51
0%
Ritchie 125
0%
Riverdale 10,159
0%
River Forest 11,227
0%
Roberts 339
0%
Robinson 7,010
0%
Rockbridge 171
0%
Rock City 284
0%
Rockdale 1,972
0%
Rock Falls 8,600
0%
Rock Island Arsenal 372
0%
Rockport 48
0%
Rockwood 32
0%
Roodhouse 1,516
0%
Rose Hill 85
0%
Roseville 855
0%
Rosewood Heights 4,047
0%
Rosiclare 955
0%
Rossville 1,176
0%
Roxana 1,413
0%
Royal Lakes 168
0%
Ruma 310
0%
Rushville 2,923
0%
Russellville 90
0%
Rutland 255
0%
Sadorus 391
0%
Sailor Springs 89
0%
Sammons Point 209
0%
Sandoval 1,127
0%
San Jose 461
0%
Sauget 132
0%
Saunemin 401
0%
Sawyerville 261
0%
Scales Mound 426
0%
Schram City 551
0%
Sciota 37
0%
Scottville 94
0%
Seaton 209
0%
Seatonville 318
0%
Secor 335
0%
Sesser 1,857
0%
Shabbona 850
0%
Shannon 848
0%
Sheffield 804
0%
Sheldon 932
0%
Sheridan 2,418
0%
Sherman 4,599
0%
Sherrard 690
0%
Shipman 502
0%
Shorewood 18,369
0%
Shumway 181
0%
Sibley 283
0%
Sidell 475
0%
Sidney 1,164
0%
Sigel 316
0%
Simpson 44
0%
Sims 165
0%
Sleepy Hollow 3,131
0%
Smithboro 150
0%
Smithfield 185
0%
Smithton 3,900
0%
Smithville 49
0%
Solon Mills 140
0%
Somonauk 1,760
0%
Sorento 415
0%
Southern View 1,552
0%
South Jacksonville 3,213
0%
South Roxana 1,854
0%
South Wilmington 716
0%
Sparland 364
0%
Spaulding 784
0%
Spillertown 177
0%
Spring Bay 478
0%
Springerton 111
0%
Standard 218
0%
Standard City 128
0%
St. Augustine 113
0%
Staunton 4,951
0%
St. David 507
0%
Steeleville 1,890
0%
Steger 9,283
0%
St. Elmo 1,245
0%
Steward 224
0%
Stewardson 719
0%
St. Francisville 533
0%
Stickney 6,803
0%
Stillman Valley 1,060
0%
St. Jacob 1,369
0%
Stonefort 220
0%
Stone Park 4,402
0%
Stonington 810
0%
Stoy 105
0%
Strasburg 517
0%
Strawn 103
0%
Stronghurst 781
0%
St. Rose 461
0%
Sublette 374
0%
Sugar Grove 9,210
0%
Sullivan 4,272
0%
Summerfield 332
0%
Sumner 2,596
0%
Sunnyland 829
0%
Sun River Terrace 447
0%
Swedona 28
0%
Symerton 124
0%
Table Grove 335
0%
Tallula 423
0%
Tamaroa 533
0%
Taylor Ridge 237
0%
Taylor Springs 728
0%
Thawville 207
0%
Thayer 615
0%
Thebes 186
0%
The Galena Territory 1,644
0%
Thomasboro 998
0%
Thompsonville 480
0%
Thomson 1,601
0%
Tilden 745
0%
Tilton 2,566
0%
Timberlane 903
0%
Tiskilwa 728
0%
Tolono 3,482
0%
Toluca 1,334
0%
Tonica 735
0%
Topeka 55
0%
Toulon 1,152
0%
Tovey 449
0%
Tower Hill 475
0%
Trilla 118
0%
Triumph 75
0%
Trivoli 364
0%
Trout Valley 509
0%
Troy Grove 221
0%
Tuscola 4,614
0%
Twin Grove 1,554
0%
Ullin 449
0%
Union Hill 53
0%
Unity 153
0%
University Park 7,002
0%
Ursa 592
0%
Valier 545
0%
Valley City 13
0%
Valmeyer 1,212
0%
Varna 374
0%
Venedy 125
0%
Venetian Village 2,704
0%
Venice 1,457
0%
Vergennes 233
0%
Verona 210
0%
Villa Grove 2,440
0%
Viola 857
0%
Virden 3,167
0%
Virgil 283
0%
Waggoner 179
0%
Walnut 1,279
0%
Walnut Hill 93
0%
Walshville 61
0%
Waltonville 406
0%
Wamac 963
0%
Warrensburg 1,084
0%
Warsaw 1,473
0%
Washburn 1,020
0%
Wataga 716
0%
Waterman 1,421
0%
Watson 659
0%
Waverly 1,158
0%
Wayne City 979
0%
Waynesville 380
0%
Wedron 69
0%
Weldon 369
0%
Wellington 196
0%
Wenona 969
0%
Wenonah 29
0%
West Brooklyn 129
0%
Western Springs 13,290
0%
Westervelt 24
0%
Westlake Village 1,282
0%
West Liberty 37
0%
West Point 138
0%
West Salem 740
0%
West Union 164
0%
Westville 3,054
0%
West York 68
0%
Wheeler 97
0%
Whiteash 320
0%
White City 217
0%
White Hall 2,201
0%
White Heath 197
0%
Williamson 177
0%
Williamsville 1,430
0%
Willisville 568
0%
Willow Hill 168
0%
Willow Lake 838
0%
Willow Springs 5,688
0%
Wilsonville 527
0%
Wilton Center 141
0%
Winchester 1,494
0%
Windsor 1,704
0%
Winfield 10,054
0%
Winslow 273
0%
Witt 764
0%
Wood Dale 13,774
0%
Woodlawn 603
0%
Woodson 487
0%
Worden 1,070
0%
Wyanet 869
0%
Yates City 623
0%
No matching quizzes found
Score Distribution
Percent of People with Each Score
Percentile by Number Answered
Your Score History
You have not taken this quiz